Christus crucifixus sive loca selecta ex sacris litteris pro diversis christi titulis digesta et ad exegeticae regulas discussa ...

Detalles Bibliográficos
Autor principal: PINTO, Jacobo
Formato: Libro
Publicado: Nápoles 1859
Materias:
Colección:Banco de datos
Acervo:Biblioteca del Ex Convento de Nuestra Señora de Guadalupe. Zacatecas
Descripción Física:vol. II
Tema general:Biblia
Notas:Buena. XI,13,20 (3931)
LEADER 00758nam a22002050004500
035 |a 46198 
036 |a 7382 
100 1 |a PINTO, Jacobo 
245 1 0 |a Christus crucifixus sive loca selecta ex sacris litteris pro diversis christi titulis digesta et ad exegeticae regulas discussa ... 
260 |a Nápoles  |b ed. José Pelella  |c 1859 
300 |a vol. II 
500 |a Buena. XI,13,20 (3931) 
650 1 0 |a Biblia 
949 |a CRZ-CG 
959 |a Ex convento de Nuestra Señora de Guadalupe, Museo Regional de Zacatecas, Zacatecas  |b CCC4 
960 |a Convento de Nuestra Señora de Guadalupe, Zacatecas  |b DD87 
961 |a Franciscana  |b OF 
942 |c CRZ-CG 
943 |g Biblioteca del Ex Convento de Nuestra Señora de Guadalupe. Zacatecas 
999 |c 970325  |d 970325